<?xml version="1.0" encoding="UTF-8"?>
<collection xmlns="http://www.loc.gov/MARC21/slim">
 <record>
  <leader>02893na  a2200409   4500</leader>
  <controlfield tag="001">000032165</controlfield>
  <controlfield tag="003">8232</controlfield>
  <controlfield tag="005">20230526083606.0</controlfield>
  <controlfield tag="008">151002s2014    DN            000   eng</controlfield>
  <datafield tag="040" ind1=" " ind2=" ">
   <subfield code="a">LNN</subfield>
  </datafield>
  <datafield tag="041" ind1=" " ind2=" ">
   <subfield code="a">eng</subfield>
  </datafield>
  <datafield tag="082" ind1=" " ind2=" ">
   <subfield code="a">420.30</subfield>
   <subfield code="b">ĐÔ-L</subfield>
  </datafield>
  <datafield tag="245" ind1=" " ind2="2">
   <subfield code="a">A study of linguistic politeness strategies in expressing love in English versus Vietnamese /</subfield>
   <subfield code="c">Đỗ Thị Thùy Loan.</subfield>
   <subfield code="h">[Thesis-Luận văn thạc sĩ] /</subfield>
  </datafield>
  <datafield tag="260" ind1=" " ind2=" ">
   <subfield code="c">2014.</subfield>
  </datafield>
  <datafield tag="300" ind1=" " ind2=" ">
   <subfield code="a">100tr; :</subfield>
   <subfield code="b">29cm.</subfield>
  </datafield>
  <datafield tag="502" ind1=" " ind2=" ">
   <subfield code="a">Master thesis of arts in social sciences and humanities</subfield>
  </datafield>
  <datafield tag="520" ind1=" " ind2=" ">
   <subfield code="a">Introduction; Literature review and theoretical background; Research design and methodology; ...</subfield>
  </datafield>
  <datafield tag="650" ind1=" " ind2=" ">
   <subfield code="a">A study of linguistic politeness strategies in expressing love in English versus Vietnamese</subfield>
  </datafield>
  <datafield tag="650" ind1=" " ind2=" ">
   <subfield code="a">Do Thi Thuy Loan,2014</subfield>
  </datafield>
  <datafield tag="700" ind1=" " ind2=" ">
   <subfield code="a">Ho Thi Kieu Oanh</subfield>
   <subfield code="a">Dr</subfield>
   <subfield code="e">huong dan</subfield>
  </datafield>
  <datafield tag="852" ind1=" " ind2=" ">
   <subfield code="c">Luận văn Thạc sĩ</subfield>
  </datafield>
  <datafield tag="OWN" ind1=" " ind2=" ">
   <subfield code="a">LNN</subfield>
  </datafield>
  <datafield tag="AVA" ind1=" " ind2=" ">
   <subfield code="a">UDN50</subfield>
   <subfield code="b">LNN</subfield>
   <subfield code="c">English</subfield>
   <subfield code="d">420.30 ĐÔ-L</subfield>
   <subfield code="e">available</subfield>
   <subfield code="t">Error 5001 Not defined in file expand_doc_bib_avail.</subfield>
   <subfield code="f">1</subfield>
   <subfield code="g">0</subfield>
   <subfield code="h">N</subfield>
   <subfield code="i">0</subfield>
   <subfield code="j">AN</subfield>
   <subfield code="k">1</subfield>
  </datafield>
  <datafield tag="Z40" ind1="3" ind2=" ">
   <subfield code="y">A study of linguistic politeness strategies in expressing love in English versus Vietnamese /</subfield>
   <subfield code="l">Library of UFL</subfield>
   <subfield code="t">VIEW</subfield>
   <subfield code="x">http://catalog.udn.vn:80/F?func=service&amp;doc_library=UDN01&amp;local_base=UDN01&amp;doc_number=000032165&amp;sequence=000001&amp;line_number=0001&amp;func_code=DB_RECORDS&amp;service_type=MEDIA</subfield>
   <subfield code="f">bantomtat_000024504.pdf</subfield>
   <subfield code="e">pdf</subfield>
   <subfield code="s">000264309</subfield>
   <subfield code="k">20230526</subfield>
   <subfield code="m">NTMTHI</subfield>
  </datafield>
  <datafield tag="Z40" ind1="3" ind2=" ">
   <subfield code="y">A study of linguistic politeness strategies in expressing love in English versus Vietnamese /</subfield>
   <subfield code="l">Library of UFL</subfield>
   <subfield code="t">VIEW</subfield>
   <subfield code="x">http://catalog.udn.vn:80/F?func=service&amp;doc_library=UDN01&amp;local_base=UDN01&amp;doc_number=000032165&amp;sequence=000002&amp;line_number=0002&amp;func_code=DB_RECORDS&amp;service_type=MEDIA</subfield>
   <subfield code="f">thesis1_000024506.pdf</subfield>
   <subfield code="e">pdf</subfield>
   <subfield code="s">000635221</subfield>
   <subfield code="k">20230526</subfield>
   <subfield code="m">NTMTHI</subfield>
  </datafield>
  <datafield tag="999" ind1=" " ind2=" ">
   <subfield code="a">From the UDN01</subfield>
  </datafield>
  <datafield tag="AVA" ind1=" " ind2=" ">
   <subfield code="a">UDN50</subfield>
   <subfield code="b">LNN</subfield>
   <subfield code="c">English</subfield>
   <subfield code="d">420.30 ĐÔ-L</subfield>
   <subfield code="e">available</subfield>
   <subfield code="t">Error 5001 Not defined in file expand_doc_bib_avail.</subfield>
   <subfield code="f">1</subfield>
   <subfield code="g">0</subfield>
   <subfield code="h">N</subfield>
   <subfield code="i">0</subfield>
   <subfield code="j">AN</subfield>
   <subfield code="k">1</subfield>
  </datafield>
  <datafield tag="TYP" ind1=" " ind2=" ">
   <subfield code="a">Dissertation</subfield>
  </datafield>
  <datafield tag="TYP" ind1=" " ind2=" ">
   <subfield code="a">Printed language</subfield>
  </datafield>
  <datafield tag="856" ind1=" " ind2=" ">
   <subfield code="y">A study of linguistic politeness strategies in expressing love in English versus Vietnamese /</subfield>
   <subfield code="l">Library of UFL</subfield>
   <subfield code="t">VIEW</subfield>
   <subfield code="x">http://catalog.udn.vn:80/F?func=service&amp;doc_library=UDN01&amp;local_base=UDN01&amp;doc_number=000032165&amp;sequence=000001&amp;line_number=0001&amp;func_code=DB_RECORDS&amp;service_type=MEDIA</subfield>
   <subfield code="f">bantomtat_000024504.pdf</subfield>
   <subfield code="e">pdf</subfield>
   <subfield code="s">000264309</subfield>
   <subfield code="k">20230526</subfield>
   <subfield code="m">NTMTHI</subfield>
  </datafield>
  <datafield tag="856" ind1=" " ind2=" ">
   <subfield code="y">A study of linguistic politeness strategies in expressing love in English versus Vietnamese /</subfield>
   <subfield code="l">Library of UFL</subfield>
   <subfield code="t">VIEW</subfield>
   <subfield code="x">http://catalog.udn.vn:80/F?func=service&amp;doc_library=UDN01&amp;local_base=UDN01&amp;doc_number=000032165&amp;sequence=000002&amp;line_number=0002&amp;func_code=DB_RECORDS&amp;service_type=MEDIA</subfield>
   <subfield code="f">thesis1_000024506.pdf</subfield>
   <subfield code="e">pdf</subfield>
   <subfield code="s">000635221</subfield>
   <subfield code="k">20230526</subfield>
   <subfield code="m">NTMTHI</subfield>
  </datafield>
  <datafield tag="980" ind1=" " ind2=" ">
   <subfield code="a">Mạng thư viện Đại học Đà Nẵng</subfield>
  </datafield>
 </record>
</collection>
